Escritos doctrinales y pastorales. (Record no. 21817)

MARC details
000 -LEADER
campo de control de longitud fija 00937nam a2200241 i 4500
001 - NÚMERO DE CONTROL
campo de control 21817
003 - IDENTIFICADOR DE NÚMERO DE CONTROL
campo de control ES-MaACL
005 - FECHA Y HORA DE LA ÚLTIMA TRANSACCIÓN
campo de control 20251004063047.0
007 - CAMPO FIJO DE DESCRIPCIÓN FÍSICA--INFORMACIÓN GENERAL
campo de control de longitud fija t|
008 - DATOS DE LONGITUD FIJA--INFORMACIÓN GENERAL
campo de control de longitud fija 021127s1970 sp ||||1| spa d
080 ## - NÚMERO DE LA CLASIFICACIÓN DECIMAL UNIVERSAL
Número de la Clasificación Decimal Universal 27-46
100 0# - ENTRADA PRINCIPAL--NOMBRE DE PERSONA
Nombre de persona Almarcha Hernández, Luis,
Títulos y otros términos asociados al nombre Obispo de león
9 (RLIN) 20098
245 10 - MENCIÓN DEL TÍTULO
Título Escritos doctrinales y pastorales.
Número de parte o sección de la obra III /
Mención de responsabilidad, etc. Luis Almarcha Hernández.
260 ## - PUBLICACIÓN, DISTRIBUCIÓN, ETC.
Lugar de publicación, distribución, etc. León :
Nombre del editor, distribuidor, etc. Centro de Estudios e Investigación "San Isidoro" :
-- Archivo Histórico Diocesano,
Fecha de publicación, distribución, etc. 1970.
300 ## - DESCRIPCIÓN FÍSICA
Extensión 504 p. ;
Dimensiones 24 cm.
490 1# - MENCIÓN DE SERIE
Mención de serie Escritos del Excmo. y Rvdmo. Sr. Dr. D. Luis Almarcha Hernández, obispo de León ;
Designación de volumen o secuencia 3
650 07 - PUNTO DE ACCESO ADICIONAL DE MATERIA--TÉRMINO DE MATERIA
Término de materia o nombre geográfico como elemento de entrada Teología pastoral
Fuente del encabezamiento o término embne
9 (RLIN) 17472
710 2# - ENTRADA AGREGADA--NOMBRE DE ENTIDAD CORPORATIVA
Nombre de entidad corporativa o nombre de jurisdicción como elemento de entrada Centro de Estudios e Investigación "San Isidoro"
9 (RLIN) 134242
710 2# - ENTRADA AGREGADA--NOMBRE DE ENTIDAD CORPORATIVA
Nombre de entidad corporativa o nombre de jurisdicción como elemento de entrada Archivo Histórico Diocesano de León.
9 (RLIN) 144237
830 10 - PUNTO DE ACCESO ADICIONAL DE SERIE-TÍTULO UNIFORME
Título uniforme Escritos
Designación de volumen o secuencia 3
9 (RLIN) 231455
852 ## - LOCALIZACIÓN
Ubicación ES-MaACL
Número de control de estantería E-13748
Encuadernación Olim P-660
Holdings
Estatus retirado Estado de pérdida Estado de daño No para préstamo Biblioteca de origen Biblioteca actual Ubicación en estantería Fecha de adquisición Fuente de adquisición Total de préstamos Signatura topográfica completa Código de barras Visto por última vez Precio de reemplazo Tipo de ítem Koha
        Biblioteca del Ateneo de Madrid Biblioteca del Ateneo de Madrid Depósito 2 10/12/2010     E-13748 1184850 23/02/2023 23/02/2023 Libro impreso